Licence v ekonomických vztazích východ-západ /

Hlavní autor: Urban, Luděk, 1927-2013
Jazyk: Čeština
Vydáno: Praha : ÚVTEI, 1980, [na tit. listu nespr.] 1979
Edice: Publikace SIVO
Fyzický popis: 46 s.
Knihy
Uloženo v:
LEADER 00902nam a22002772a 4500
001 001699592
003 CZ BrMZK
005 20190806102403.0
007 ta
008 190805s1979 xr er|||||||||||cze d
015 |a cnb000398520 
035 |a (OCoLC)40081377 
040 |a ABA001  |b cze  |c ABA001  |d ABA001  |d BOA001 
080 9 |a 347.77.043(041) 
100 1 |a Urban, Luděk,  |d 1927-2013  |7 jk01140817  |4 aut 
245 1 0 |a Licence v ekonomických vztazích východ-západ /  |c vyprac. Luděk Urban 
260 |a Praha :  |b ÚVTEI,  |c 1980, [na tit. listu nespr.] 1979 
300 |a 46 s. 
490 1 |a Publikace SIVO ;  |v čís. 1683 
500 |a 150 výt. 
504 |a Obsahuje bibliografii a bibliografické odkazy 
830 0 |a Publikace SIVO 
910 |a BOA001  |b X2-0819.220 
990 |a BK 
991 |b 201908 
996 6 |b 2618827523  |c X2-0819.220  |l MZK  |r Sklad / do 24 hodin  |n 0  |w 001746375  |u 000010  |a 1  |e BOA001  |j MZK50  |s P